| 000 | 00423nam a2200169Ia 4500 | ||
|---|---|---|---|
| 008 | 230711s9999||||xx |||||||||||||| ||und|| | ||
| 020 | _a978-81-272-4609-9 | ||
| 041 | _aENG | ||
| 082 |
_a658 _bJI-M |
||
| 100 | _aJindal,Aman | ||
| 245 | 0 | _aManagement information system | |
| 250 | _a5th Ed. | ||
| 260 |
_c2012 _aNew Delhi _bKalyani Publishers House |
||
| 300 | _a320 | ||
| 650 | _aUNIVESITY BUSNIESS SCHOOL | ||
| 942 | _cBK | ||
| 999 |
_c5558 _d5558 |
||